000 00617nam a2200205Ia 4500
005 20250923144909.0
008 008 250917s9999 xx 000 0 eng d
037 _aTextual
040 _aDSWL
_beng
_cDSWL
041 _aeng
_2eng
084 _aYX,ZI;6-J1.56, N64
_qDSWL
100 _aSautoy, Peter Du
_9829549
245 4 _aThe Organization of community development programmers
_cby Peter Du Sautoy
260 _aLondon
_bUniversity Press
_c1962
300 _aviii,156p.
365 _aINR
_b21
925 _g21
942 _cTEXL
_hYX,ZI;6-J1.56, N64
999 _c1444713
_d1444713